Most Popular Restaurants- America - Statistics

General Stats
  • This quiz has been taken 12 times
  • The average score is 3 of 10
Answer Stats
Restaurants % Correct
McDonald's
100%
Burger King
36%
Wendy’s
36%
Subway
27%
Taco Bell
27%
Chick-fil-A
18%
Domino’s
9%
Dunkin Donuts
9%
Starbucks
9%
Panera
0%
No matching quizzes found
Score Distribution
Percent of People with Each Score
Percentile by Number Answered
Your Score History
You have not taken this quiz